Quantum Particles - Statistics

General Stats
  • This quiz has been taken 109 times
  • The average score is 11 of 17
Answer Stats
Hint Answer % Correct
Quark Down
92%
Lepton Electron
92%
Quark Up
92%
Quark Strange
78%
Quark Charm
77%
Quark Bottom
71%
Quark Top
71%
Scalar Boson Higgs Boson
68%
Gauge (Vector) Boson Photon
63%
Lepton Muon
62%
Lepton Tau
62%
Gauge (Vector) Boson Gluon
58%
Gauge (Vector) Boson W Boson
55%
Gauge (Vector) Boson Z Boson
52%
Lepton Electron Neutrino
49%
Lepton Muon Neutrino
49%
Lepton Tau Neutrino
49%
No matching quizzes found
Score Distribution
Percent of People with Each Score
Percentile by Number Answered
Your Score History
You have not taken this quiz